00802nam a22002057a 450000500170000000800410001701700300005802000170008804000230010508200250012810000300015324501170018326000650030030000290036565000380039465100100043294200120044299900170045495201250047120240530110916.0220221s1918 ua c g b 000 0 ara d bمصر. دار الكتب a978988452109 aEG-CaGPLcEG-CaGPL04221a415.1 /bهـ م0 aهشام الانصارى10aمغنى اللبيب :bوبهامشه حاشية الشيخ محمد الامير /cهشام الانصارى aالقاهرة : bدار الكتاب المصرى،cد.ت aمتعدد ص؛c24 سم aاللغة العربية 2qrmak 2qrmak 2ddccBK c66397d66397 00104070aCAIbCAIcاللغات-عربىd2022-05-11l0o415.1 / هـ مp167856r2022-05-11 00:00:00w2022-05-11yBK